[Event "I Memorial Doriano Spinelli"]
[Site "Torino ITA"]
[Date "2015.12.05"]
[Round "2"]
[White "Cutelli, Massimo"]
[Black "De Barberis, Massimo"]
[WhiteElo "1829"]
[BlackElo "1985"]
[Result "0-1"]
[PlyCount "110"]
[EventDate "2015.12.04"]

1. e4 c5 2. Nc3 Nc6 3. f4 e6 4. Nf3 a6 5. d4 cxd4 6. Nxd4 d6 7. Be3 Qc7 8. Be2
Nf6 9. O-O Be7 10. Bf3 Bd7 11. Qe1 Nxd4 12. Bxd4 e5 13. Be3 Bc6 14. Qf2 b5 15.
fxe5 dxe5 16. Qg3 O-O 17. Bh6 Ne8 18. Rad1 b4 19. Nd5 Bxd5 20. exd5 Qb6+ 21.
Kh1 Qxh6 22. d6 Nxd6 23. Bxa8 Rxa8 24. Qxe5 Bf8 25. c4 bxc3 26. bxc3 Re8 27.
Qd5 Qe6 28. Qc6 Ne4 29. Qxe6 Rxe6 30. Rd7 f6 31. c4 a5 32. g3 Bb4 33. Rb1 Rd6
34. Rc7 Rd8 35. Rb2 f5 36. Kg2 h6 37. Rc2 g6 38. Ra7 Rd3 39. Rb7 Kf8 40. Rc7
Ke8 41. Re2 Rd7 42. Rc6 Kf7 43. g4 Rd6 44. Rc8 Kf6 45. gxf5 gxf5 46. Rh8 Kg5
47. Re8 Kf4 48. Rg8 Rd1 49. Rc8 Bc3 50. c5 Bd4 51. h4 Nd2 52. Rd8 Rg1+ 53. Kh3
Nf3 54. Rxd4+ Nxd4 55. Rd2 Rg3+ 0-1

[Event "I Memorial Doriano Spinelli"]
[Site "Torino ITA"]
[Date "2015.12.05"]
[Round "2"]
[White "Di Chiara, Mauro"]
[Black "Gotti, Marco"]
[WhiteElo "1933"]
[BlackElo "1713"]
[Result "1-0"]
[PlyCount "79"]
[EventDate "2015.12.04"]

1. Nf3 f5 2. d4 Nf6 3. c4 d6 4. Nc3 g6 5. g3 Bg7 6. Bg2 Nc6 7. d5 Ne5 8. O-O
O-O 9. Nxe5 dxe5 10. Bd2 h6 11. Qc1 Kh7 12. e4 Rb8 13. f4 exf4 14. e5 fxg3 15.
exf6 gxh2+ 16. Kxh2 exf6 17. Nb5 g5 18. Bb4 Qe8 19. Qd1 Qe5+ 20. Kh1 g4 21. Qd4
Qe8 22. Qf4 Qh5+ 23. Qh2 Qg5 24. Nxc7 g3 25. Qh3 Re8 26. Nxe8 f4 27. Be4+ Kh8
28. Nd6 Bxh3 29. Nf7+ Kg8 30. Nxg5 hxg5 31. Bg2 Bg4 32. Rae1 Kf7 33. Re7+ Kg6
34. Kg1 Bf5 35. Be4 Bf8 36. d6 Bxe7 37. Bxf5+ Kxf5 38. dxe7 g4 39. Rxf4+ Kg5
40. Rd4 1-0

[Event "I Memorial Doriano Spinelli"]
[Site "Torino ITA"]
[Date "2015.12.05"]
[Round "2"]
[White "Fassio, Francesco"]
[Black "Martin, Tiziano"]
[WhiteElo "1560"]
[BlackElo "1926"]
[Result "0-1"]
[PlyCount "64"]
[EventDate "2015.12.04"]

1. Nf3 d5 2. d4 e6 3. c4 a6 4. c5 Nc6 5. Nc3 e5 6. dxe5 d4 7. Ne4 Bf5 8. Ng3
Bg4 9. Ne4 Qd5 10. Qd3 O-O-O 11. Bg5 Nb4 12. Qd2 Qxe4 13. Qxb4 Rd5 14. Qa4 Bd7
15. Qd1 Bxc5 16. a3 Bb5 17. b4 Ba7 18. a4 Bc4 19. Nd2 Qxe5 20. f4 Qe6 21. Nxc4
Rxg5 22. fxg5 Qxc4 23. b5 Qc3+ 24. Kf2 Qe3+ 25. Ke1 Ne7 26. Qd3 Qxg5 27. bxa6
Nd5 28. axb7+ Kb8 29. h4 Qe5 30. g3 Nb4 31. Qd1 Qxg3+ 32. Kd2 Qc3# 0-1

[Event "I Memorial Doriano Spinelli"]
[Site "Torino ITA"]
[Date "2015.12.05"]
[Round "2"]
[White "Finocchiaro, Gianluca"]
[Black "Mcgovern, Patrick"]
[WhiteElo "2020"]
[BlackElo "1775"]
[Result "1-0"]
[PlyCount "51"]
[EventDate "2015.12.04"]

1. d4 Nf6 2. Nc3 d5 3. Bg5 Nbd7 4. e3 e6 5. Nf3 Be7 6. Bd3 h6 7. Bf4 c6 8. Ne5
Nxe5 9. dxe5 Nd7 10. Qg4 g5 11. Bg3 Qb6 12. Qd1 h5 13. h4 gxh4 14. Bxh4 Nxe5
15. Bxe7 Nxd3+ 16. Qxd3 Kxe7 17. O-O-O e5 18. Rh4 Be6 19. Rdh1 Rag8 20. g3 Bg4
21. Na4 Qb4 22. Nc3 e4 23. Qd2 Qa5 24. Qd4 f6 25. Qd2 b5 26. Nxd5+ 1-0

[Event "I Memorial Doriano Spinelli"]
[Site "Torino ITA"]
[Date "2015.12.05"]
[Round "2"]
[White "Gussone, Claudio"]
[Black "Liviabella, Lucio"]
[WhiteElo "1748"]
[BlackElo "1567"]
[Result "1-0"]
[PlyCount "65"]
[EventDate "2015.12.04"]

1. Nf3 Nc6 2. c4 b6 3. g3 Bb7 4. Bg2 Nf6 5. O-O e6 6. d4 d5 7. Nc3 dxc4 8. Qa4
Nd5 9. Ne5 Nxc3 10. bxc3 Qd6 11. Bxc6+ Bxc6 12. Qxc6+ Qxc6 13. Nxc6 Bd6 14. a4
O-O 15. e4 Rfc8 16. e5 Bf8 17. f4 a5 18. f5 Re8 19. Ba3 exf5 20. Bxf8 Kxf8 21.
Rxf5 Re6 22. d5 Rh6 23. Raf1 f6 24. exf6 g6 25. R5f2 Rh5 26. Rd2 Re8 27. Ne7
Rd8 28. Rd4 c6 29. dxc6 Re8 30. Rxc4 Rc5 31. Rxc5 bxc5 32. c7 Rxe7 33. fxe7+
1-0

[Event "I Memorial Doriano Spinelli"]
[Site "Torino ITA"]
[Date "2015.12.05"]
[Round "2"]
[White "Malano, Francesco"]
[Black "Cacinschi, Alexandru"]
[WhiteElo "1880"]
[BlackElo "2090"]
[Result "0-1"]
[PlyCount "80"]
[EventDate "2015.12.04"]

1. d4 d5 2. Nf3 Nf6 3. c4 c6 4. e3 e6 5. b3 Nbd7 6. Bb2 Ne4 7. Nbd2 f5 8. Bd3
Bd6 9. Qe2 a5 10. a4 Qe7 11. Rc1 O-O 12. O-O Bb4 13. Nb1 Ndf6 14. c5 Ng4 15. h3
Nh6 16. Ne5 Nf7 17. Nxf7 Rxf7 18. Bxe4 fxe4 19. f4 exf3 20. Rxf3 Rxf3 21. Qxf3
Bd7 22. Rf1 Be8 23. Bc3 Bxc3 24. Nxc3 Bg6 25. Qe2 e5 26. Qd2 Re8 27. Re1 Qh4
28. Ne2 Qf6 29. dxe5 Rxe5 30. Nd4 Qe7 31. Qxa5 Rxe3 32. Nf3 Rxe1+ 33. Nxe1 h6
34. Qc3 d4 35. Qc1 d3 36. b4 Qe2 37. Nf3 Be4 38. Qf1 Bxf3 39. gxf3 Qe3+ 40. Qf2
Qc1+ 0-1

[Event "I Memorial Doriano Spinelli"]
[Site "Torino ITA"]
[Date "2015.12.05"]
[Round "2"]
[White "Romagnolo, Paolo"]
[Black "Doromeychuk, Anton"]
[WhiteElo "2126"]
[BlackElo "1844"]
[Result "0-1"]
[PlyCount "92"]
[EventDate "2015.12.04"]

1. b3 e5 2. Bb2 Nc6 3. c4 Bc5 4. e3 Nf6 5. d3 O-O 6. a3 a5 7. Qc2 b6 8. Nd2 d5
9. cxd5 Nxd5 10. Ngf3 Qe7 11. Be2 Ba6 12. O-O f6 13. Ne4 Nd8 14. Nxc5 bxc5 15.
Rac1 Ne6 16. Rfe1 Rab8 17. Nd2 Nb6 18. Ne4 Nd7 19. Bf3 f5 20. Nd2 Bb7 21. Bxb7
Rxb7 22. Nc4 a4 23. bxa4 Ng5 24. Ba1 Rf6 25. f4 Nf7 26. Rb1 Rxb1 27. Rxb1 Rh6
28. g3 exf4 29. exf4 g5 30. Qf2 gxf4 31. gxf4 Re6 32. Kh1 Nh6 33. Ne5 Nxe5 34.
Bxe5 Ng4 35. Qf3 Qh4 36. Qg3 Qd8 37. h3 Qd5+ 38. Kg1 Rg6 39. hxg4 Rxg4 40.
Qxg4+ fxg4 41. Rb8+ Kf7 42. Rh8 Kg6 43. Rc8 Qxd3 44. Rxc7 Qg3+ 45. Kf1 Qf3+ 46.
Kg1 g3 0-1

[Event "I Memorial Doriano Spinelli"]
[Site "Torino ITA"]
[Date "2015.12.05"]
[Round "2"]
[White "Wisbey, Danilo"]
[Black "Garbezza, Davide"]
[WhiteElo "1587"]
[BlackElo "1633"]
[Result "1/2-1/2"]
[PlyCount "21"]
[EventDate "2015.12.04"]

1. d4 b6 2. Bf4 Bb7 3. e3 e6 4. Nf3 f5 5. h3 Nf6 6. c3 Be7 7. Nbd2 O-O 8. Qc2
h6 9. Bd3 d6 10. Rg1 Nd5 11. Bh2 1/2-1/2

[Event "I Memorial Doriano Spinelli"]
[Site "Torino ITA"]
[Date "2015.12.06"]
[Round "3"]
[White "Cacinschi, Alexandru"]
[Black "Di Chiara, Mauro"]
[WhiteElo "2090"]
[BlackElo "1933"]
[Result "1-0"]
[PlyCount "65"]
[EventDate "2015.12.04"]

1. c4 Nf6 2. Nc3 g6 3. g3 Bg7 4. Bg2 O-O 5. e3 c5 6. Nge2 Nc6 7. O-O d6 8. d4
cxd4 9. exd4 e5 10. h3 Re8 11. Be3 Bf5 12. Nb5 exd4 13. Nexd4 Nxd4 14. Bxd4 Be6
15. Rc1 a6 16. Bxf6 Qxf6 17. Nc7 Qxb2 18. Nxa8 Rxa8 19. Qb3 Rc8 20. Qxb7 Qxa2
21. Bd5 Rf8 22. Bxe6 fxe6 23. Qe4 Re8 24. Qc6 Rd8 25. Qc7 Bf6 26. Rb1 Re8 27.
Rb7 Re7 28. Qd8+ Kf7 29. Rb8 Bg7 30. Rfb1 e5 31. R1b7 Rxb7 32. Rxb7+ Ke6 33.
Qd7+ 1-0

[Event "I Memorial Doriano Spinelli"]
[Site "Torino ITA"]
[Date "2015.12.06"]
[Round "3"]
[White "Cutelli, Massimo"]
[Black "Finocchiaro, Gianluca"]
[WhiteElo "1829"]
[BlackElo "2020"]
[Result "0-1"]
[PlyCount "92"]
[EventDate "2015.12.04"]

1. e4 d6 2. d4 Nf6 3. Nc3 c6 4. f4 Qa5 5. Bd3 e5 6. Nf3 Bg4 7. fxe5 dxe5 8. Be3
Nbd7 9. O-O exd4 10. Bxd4 Bc5 11. Be2 O-O-O 12. Bxc5 Nxc5 13. Qe1 Ncxe4 14.
Nxe4 Qxe1 15. Rfxe1 Nxe4 16. Bc4 Bxf3 17. gxf3 Nd6 18. Bb3 Rhe8 19. Kf2 f6 20.
Rad1 Kc7 21. c3 Rxe1 22. Rxe1 Re8 23. Rg1 g6 24. Bc2 Re5 25. f4 Rd5 26. Ke2 Nc4
27. Bb3 b5 28. Bxc4 bxc4 29. Rg3 Rb5 30. Rh3 Rxb2+ 31. Ke3 h5 32. Kd4 Rxa2 33.
Rg3 g5 34. fxg5 fxg5 35. Rxg5 Rxh2 36. Kc5 Kd7 37. Rg6 Rh3 38. Kxc4 a5 39. Rg5
a4 40. Rg7+ Kd6 41. Rg6+ Kc7 42. Kb4 Kb6 43. c4 a3 44. c5+ Kc7 45. Rg7+ Kd8 46.
Ka5 a2 0-1

[Event "I Memorial Doriano Spinelli"]
[Site "Torino ITA"]
[Date "2015.12.06"]
[Round "3"]
[White "De Barberis, Massimo"]
[Black "Martin, Tiziano"]
[WhiteElo "1985"]
[BlackElo "1926"]
[Result "1/2-1/2"]
[PlyCount "54"]
[EventDate "2015.12.04"]

1. e4 e5 2. Bc4 d6 3. Nc3 Nf6 4. d3 Be7 5. Nge2 O-O 6. O-O c6 7. a4 d5 8. Bb3
Na6 9. exd5 cxd5 10. Bg5 Be6 11. d4 exd4 12. Nxd4 Nc5 13. Re1 Nxb3 14. Nxb3 Qd7
15. Qe2 Rfe8 16. Rad1 Rad8 17. h3 h6 18. Be3 b6 19. Nd4 Bb4 20. Qb5 Bxc3 21.
bxc3 Qc7 22. Qb3 Ne4 23. Nxe6 fxe6 24. Bd4 Nc5 25. Bxc5 Qxc5 26. Re3 Rc8 27.
Rd4 Qc6 1/2-1/2

[Event "I Memorial Doriano Spinelli"]
[Site "Torino ITA"]
[Date "2015.12.06"]
[Round "3"]
[White "Doromeychuk, Anton"]
[Black "Gussone, Claudio"]
[WhiteElo "1844"]
[BlackElo "1748"]
[Result "1-0"]
[PlyCount "47"]
[EventDate "2015.12.04"]

1. d4 Nf6 2. c4 g6 3. Nc3 Bg7 4. e4 d6 5. Nge2 O-O 6. Ng3 c5 7. d5 a6 8. Be2
Bd7 9. O-O Qa5 10. a4 Qc7 11. Bg5 h6 12. Be3 a5 13. Qd2 Kh7 14. f4 Na6 15. f5
Nb4 16. fxg6+ fxg6 17. Rf4 Ng8 18. Raf1 Rxf4 19. Rxf4 b6 20. Bd3 Re8 21. e5
Nxd3 22. Qxd3 Bxe5 23. Rf7+ Kh8 24. Qxg6 1-0

[Event "I Memorial Doriano Spinelli"]
[Site "Torino ITA"]
[Date "2015.12.06"]
[Round "3"]
[White "Garbezza, Davide"]
[Black "Coqueraut, Lodewyk"]
[WhiteElo "1633"]
[BlackElo "1638"]
[Result "0-1"]
[PlyCount "148"]
[EventDate "2015.12.04"]

1. b3 b6 2. Bb2 Bb7 3. e3 e6 4. Nf3 Nf6 5. Be2 Be7 6. O-O d5 7. Bb5+ c6 8. Be2
O-O 9. Ne5 c5 10. d4 Qc7 11. f4 cxd4 12. exd4 Nbd7 13. Bd3 Ne4 14. Nd2 Nxe5 15.
fxe5 f5 16. Rf3 Rf7 17. Rh3 g6 18. Qe2 Raf8 19. c4 Ng5 20. Rg3 f4 21. Rxg5 Bxg5
22. Nf3 Be7 23. Rc1 Qd8 24. c5 bxc5 25. dxc5 Qc7 26. b4 g5 27. Nd4 Bc8 28. Qf2
Qxe5 29. Bc3 Qe3 30. Qxe3 fxe3 31. Re1 e5 32. Nc2 d4 33. Bc4 Kg7 34. Bxf7 Rxf7
35. Nxd4 exd4 36. Bxd4+ Bf6 37. Bxf6+ Rxf6 38. Rxe3 Kf7 39. b5 a6 40. Rb3 axb5
41. Rxb5 Ba6 42. Rb1 Ke7 43. Rd1 h6 44. g3 Re6 45. Rd2 Rc6 46. Rc2 Ke6 47. Kf2
Kd5 48. Kf3 h5 49. h4 Rf6+ 50. Ke3 gxh4 51. gxh4 Kc6 52. Rc1 Bc8 53. Rg1 Bg4
54. Rc1 Rf3+ 55. Kd4 Rf4+ 56. Ke5 Rf5+ 57. Kd4 Rd5+ 58. Ke4 Rxc5 59. Rxc5+ Kxc5
60. a3 Kc4 61. Ke3 Kb3 62. Kd4 Kxa3 63. Kc3 Ka4 64. Kc4 Be2+ 65. Kd4 Kb4 66.
Ke3 Bg4 67. Kd4 Kb3 68. Kd3 Bf5+ 69. Ke3 Kc3 70. Kf4 Bg4 71. Ke3 Kc2 72. Ke4
Kd2 73. Kf4 Ke2 74. Ke4 Kf2 0-1

[Event "I Memorial Doriano Spinelli"]
[Site "Torino ITA"]
[Date "2015.12.06"]
[Round "3"]
[White "Gotti, Marco"]
[Black "Malano, Francesco"]
[WhiteElo "1713"]
[BlackElo "1880"]
[Result "0-1"]
[PlyCount "70"]
[EventDate "2015.12.04"]

1. e4 d6 2. d4 Nf6 3. Bd3 e5 4. dxe5 dxe5 5. Bg5 Be7 6. Nc3 c6 7. Nge2 O-O 8.
Qd2 b5 9. a3 Nbd7 10. O-O Nc5 11. Rad1 Qc7 12. f3 Rd8 13. Qe3 Ne6 14. b4 Nxg5
15. Qxg5 Ng4 16. Qc1 Qb6+ 17. Kh1 Ne3 18. Ng3 Nxd1 19. Nxd1 a5 20. bxa5 Rxa5
21. f4 Bxa3 22. Qd2 Bd6 23. f5 Be7 24. Nh5 f6 25. Rf3 Kh8 26. Rg3 Bf8 27. Rh3
Ra1 28. g3 Qd4 29. Qe2 Bc5 30. Kg2 Qg1+ 31. Kf3 Qxd1 32. g4 Qh1+ 33. Kg3 Bb4
34. g5 Rg1+ 35. Kh4 fxg5# 0-1

[Event "I Memorial Doriano Spinelli"]
[Site "Torino ITA"]
[Date "2015.12.06"]
[Round "3"]
[White "Liviabella, Lucio"]
[Black "Wisbey, Danilo"]
[WhiteElo "1567"]
[BlackElo "1587"]
[Result "1-0"]
[PlyCount "79"]
[EventDate "2015.12.04"]

1. e4 e6 2. d4 d5 3. e5 c5 4. Nf3 Qb6 5. c3 Nc6 6. a4 a6 7. Be2 Bd7 8. O-O f6
9. exf6 Nxf6 10. Ne5 cxd4 11. Nxc6 Bxc6 12. a5 Qc7 13. Qxd4 Bd6 14. g3 Qf7 15.
Bf4 Bxf4 16. Qxf4 O-O 17. Nd2 e5 18. Qb4 Rad8 19. Rad1 Qd7 20. Qh4 Qe6 21. c4
d4 22. c5 d3 23. Bf3 Rd4 24. Qg5 Bxf3 25. Nxf3 Rd5 26. Qh4 e4 27. Rfe1 Qf5 28.
Nd2 Ng4 29. Nxe4 Nxf2 30. Rf1 Nh3+ 31. Kg2 Qe6 32. Rxf8+ Kxf8 33. Qxh7 Ng5 34.
Rf1+ Ke8 35. Qh8+ Ke7 36. Qxg7+ Nf7 37. Nd6 Rxd6 38. cxd6+ Ke8 39. Qg8+ Kd7 40.
Rxf7+ 1-0

[Event "I Memorial Doriano Spinelli"]
[Site "Torino ITA"]
[Date "2015.12.06"]
[Round "3"]
[White "Mcgovern, Patrick"]
[Black "Fassio, Francesco"]
[WhiteElo "1775"]
[BlackElo "1560"]
[Result "1-0"]
[PlyCount "55"]
[EventDate "2015.12.04"]

1. e4 e5 2. Bc4 Nf6 3. Nc3 c6 4. Nf3 d5 5. exd5 cxd5 6. Bb5+ Bd7 7. Nxe5 Qe7 8.
Qe2 d4 9. Nxd7 Nbxd7 10. Bxd7+ Nxd7 11. Qxe7+ Bxe7 12. Nb5 O-O 13. Nxd4 Bf6 14.
Nf3 Rfe8+ 15. Kd1 Nc5 16. d3 Rad8 17. Re1 Ne4 18. Re2 Rd7 19. Ke1 Nd6 20. Rxe8+
Nxe8 21. Rb1 Rc7 22. c3 Nd6 23. Bf4 Re7+ 24. Kd2 Nf5 25. g4 Nh4 26. Nxh4 Bxh4
27. Re1 Rd7 28. Re8# 1-0

[Event "I Memorial Doriano Spinelli"]
[Site "Torino ITA"]
[Date "2015.12.06"]
[Round "3"]
[White "Peruffo, Giovanni"]
[Black "Romagnolo, Paolo"]
[WhiteElo "1453"]
[BlackElo "2126"]
[Result "0-1"]
[PlyCount "102"]
[EventDate "2015.12.04"]

1. e3 Nf6 2. Nf3 b6 3. b3 Bb7 4. Bb2 g6 5. d4 Bg7 6. Bd3 O-O 7. O-O d6 8. Nbd2
Nbd7 9. c4 Re8 10. Re1 e6 11. e4 e5 12. d5 Nc5 13. Bc2 a5 14. a4 Qe7 15. Nb1
Qf8 16. Nc3 Ba6 17. Bc1 h6 18. Be3 Ncd7 19. Qd2 Ng4 20. Bd3 Nxe3 21. Qxe3 Nf6
22. Qe2 Nd7 23. Nd2 Nc5 24. Bc2 Qe7 25. Ndb1 Bc8 26. Nb5 f5 27. N1c3 f4 28. f3
Rf8 29. Rab1 Rf7 30. Qd2 Qh4 31. Re2 g5 32. Rf1 g4 33. Rff2 g3 34. h3 gxf2+ 35.
Rxf2 Kh7 36. Kf1 Bd7 37. Nxc7 Rg8 38. N7b5 Bf8 39. Ke2 Rfg7 40. Kd1 Bxh3 41.
Kc1 Rxg2 42. Rxg2 Rxg2 43. Ne2 Qf2 44. Nbc3 Qxf3 45. Kb2 Qf1 46. Qd1 Qxd1 47.
Bxd1 f3 48. Ka3 fxe2 49. Bxe2 Nxe4 50. Nxe4 Rxe2 51. Nf6+ Kg6 0-1

[Event "I Memorial Doriano Spinelli"]
[Site "Torino ITA"]
[Date "2015.12.06"]
[Round "4"]
[White "Coqueraut, Lodewyk"]
[Black "Mcgovern, Patrick"]
[WhiteElo "1638"]
[BlackElo "1775"]
[Result "1/2-1/2"]
[PlyCount "61"]
[EventDate "2015.12.04"]

1. Nf3 Nf6 2. b3 d5 3. Bb2 Bf5 4. g3 e6 5. Bg2 c5 6. O-O Nc6 7. d3 Be7 8. Nbd2
O-O 9. Nh4 Bg6 10. Nxg6 hxg6 11. e4 d4 12. f4 e5 13. Nc4 Qc7 14. Bc1 b5 15.
Nxe5 Nxe5 16. fxe5 Qxe5 17. Bf4 Qe6 18. e5 Nd5 19. Qe1 Rae8 20. Bd2 Bd8 21. Qe4
Ne3 22. Bxe3 dxe3 23. Qxe3 Qxe5 24. Qxe5 Rxe5 25. Rae1 Rfe8 26. Rxe5 Rxe5 27.
c4 Re2 28. Rf2 Re1+ 29. Bf1 Bf6 30. Kg2 Bd4 31. Re2 1/2-1/2

[Event "I Memorial Doriano Spinelli"]
[Site "Torino ITA"]
[Date "2015.12.06"]
[Round "4"]
[White "Di Chiara, Mauro"]
[Black "De Barberis, Massimo"]
[WhiteElo "1933"]
[BlackElo "1985"]
[Result "0-1"]
[PlyCount "60"]
[EventDate "2015.12.04"]

1. Nf3 Nf6 2. d4 e6 3. c4 c5 4. d5 exd5 5. cxd5 d6 6. Nc3 g6 7. g3 Bg7 8. Bg2
O-O 9. O-O Qe7 10. Nd2 a6 11. a4 Nbd7 12. Nc4 Ne5 13. Nb6 Rb8 14. f4 Ned7 15.
Nxc8 Rfxc8 16. e4 b5 17. axb5 axb5 18. Re1 b4 19. Na4 Re8 20. e5 dxe5 21. d6
Qe6 22. fxe5 Nxe5 23. Bf4 Nfd7 24. Bc6 Qh3 25. Bxd7 Nxd7 26. Re7 Bd4+ 27. Kh1
Rxe7 28. dxe7 Qe6 29. Qd2 Re8 30. Re1 Qc6+ 0-1

[Event "I Memorial Doriano Spinelli"]
[Site "Torino ITA"]
[Date "2015.12.06"]
[Round "4"]
[White "Fassio, Francesco"]
[Black "Cutelli, Massimo"]
[WhiteElo "1560"]
[BlackElo "1829"]
[Result "0-1"]
[PlyCount "68"]
[EventDate "2015.12.04"]

1. Nf3 Nf6 2. c4 e6 3. Nc3 g6 4. d4 c5 5. e4 d5 6. cxd5 exd5 7. e5 Ne4 8. Bd3
Bf5 9. Qc2 Nc6 10. Nxe4 dxe4 11. Bxe4 Bxe4 12. Qxe4 Nxd4 13. O-O Bg7 14. Bg5
Nxf3+ 15. Qxf3 Qxg5 16. Qxb7 O-O 17. f4 Qf5 18. b3 Rfd8 19. Rad1 Qc8 20. Qf3 c4
21. Rc1 Qa6 22. Qe2 Qb6+ 23. Kh1 cxb3 24. Rb1 Qb4 25. Rf2 bxa2 26. Qxa2 Rab8
27. Rff1 Qe7 28. Rbc1 Rb7 29. Rc2 Rbd7 30. Qb1 Qh4 31. Rc4 Bxe5 32. g3 Qg4 33.
Re4 Rd1 34. Qb5 Qf3+ 0-1

[Event "I Memorial Doriano Spinelli"]
[Site "Torino ITA"]
[Date "2015.12.06"]
[Round "4"]
[White "Finocchiaro, Gianluca"]
[Black "Doromeychuk, Anton"]
[WhiteElo "2020"]
[BlackElo "1844"]
[Result "1-0"]
[PlyCount "89"]
[EventDate "2015.12.04"]

1. e4 e6 2. d4 b6 3. Bd3 Bb7 4. c4 Bb4+ 5. Nc3 f5 6. Qe2 Nf6 7. f3 O-O 8. e5
Nh5 9. Be3 Qh4+ 10. Bf2 Qg5 11. Be3 Nf4 12. Bxf4 Qxf4 13. Qf2 d6 14. Nge2 Bxc3+
15. bxc3 Qg5 16. exd6 cxd6 17. O-O e5 18. f4 exf4 19. Nxf4 Nd7 20. Ne6 Qg6 21.
Nxf8 Rxf8 22. Qg3 Qxg3 23. hxg3 g6 24. Rae1 Nf6 25. Re6 Be4 26. Bxe4 Nxe4 27.
Rxe4 fxe4 28. Rxf8+ Kxf8 29. Kf2 Ke7 30. Ke3 Ke6 31. Kxe4 h5 32. g4 hxg4 33.
Kf4 Kf6 34. Kxg4 g5 35. Kf3 Kf5 36. g4+ Kf6 37. Ke3 Ke7 38. Kd3 Kf6 39. Ke4 Ke6
40. c5 d5+ 41. Kd3 b5 42. Kc2 a5 43. Kb2 Kd7 44. Kb3 Kc6 45. a4 1-0

[Event "I Memorial Doriano Spinelli"]
[Site "Torino ITA"]
[Date "2015.12.06"]
[Round "4"]
[White "Garbezza, Davide"]
[Black "Liviabella, Lucio"]
[WhiteElo "1633"]
[BlackElo "1567"]
[Result "1/2-1/2"]
[PlyCount "151"]
[EventDate "2015.12.04"]

1. b3 Nf6 2. Bb2 d6 3. Nf3 e5 4. d3 g6 5. g3 Bg7 6. Bg2 O-O 7. Nbd2 Nc6 8. c4
Bg4 9. O-O Qc8 10. a3 Bh3 11. b4 Bxg2 12. Kxg2 Nh5 13. b5 Ne7 14. Qb3 Qg4 15.
e3 Kh8 16. a4 Qd7 17. Rfc1 b6 18. a5 f5 19. axb6 cxb6 20. Ra6 Qb7 21. Rca1 Bf6
22. Qa2 Nc8 23. Kf1 g5 24. Qa3 g4 25. Nxe5 Qg7 26. d4 dxe5 27. dxe5 Be7 28. Qd3
Qg6 29. Qd5 Rb8 30. Nb3 Ng7 31. Nd4 Rd8 32. Qg2 Rd7 33. e6 Rc7 34. Nc6 Rbb7 35.
Qd5 h5 36. Be5 Bf6 37. Bxc7 Rxc7 38. Rd1 Kh7 39. c5 bxc5 40. Rc1 Qe8 41. Rxc5
Nxe6 42. Qxf5+ Kg7 43. Qxh5 Qxh5 44. Rxh5 Ng5 45. Kg2 Kg6 46. Rh4 Kf5 47. Ra5
Nb6 48. Rxa7 Rxa7 49. Nxa7 Nd5 50. e4+ Nxe4 51. Rh7 Nd6 52. h4 Ke6 53. f3 gxf3+
54. Kxf3 Bd4 55. Nc6 Nxb5 56. Nxd4+ Nxd4+ 57. Ke4 Nf6+ 58. Kxd4 Nxh7 59. Ke4
Kf6 60. Kf4 Kg6 61. g4 Kf6 62. g5+ Kg6 63. Kg4 Kg7 64. h5 Nf8 65. Kf5 Kh7 66.
Kf6 Nd7+ 67. Ke6 Nf8+ 68. Kf7 Nd7 69. Ke6 Nf8+ 70. Kf7 Nd7 71. Ke7 Ne5 72. Ke6
Nf3 73. Kf5 Nd4+ 74. Ke4 Ne6 75. Kf5 Nf8 76. Kf6 1/2-1/2

[Event "I Memorial Doriano Spinelli"]
[Site "Torino ITA"]
[Date "2015.12.06"]
[Round "4"]
[White "Gussone, Claudio"]
[Black "Gotti, Marco"]
[WhiteElo "1748"]
[BlackElo "1713"]
[Result "1-0"]
[PlyCount "55"]
[EventDate "2015.12.04"]

1. Nf3 f5 2. c4 Nf6 3. g3 e6 4. d4 g6 5. Bg2 Bg7 6. Nc3 c6 7. O-O O-O 8. Bf4
Ne4 9. Nxe4 fxe4 10. Ng5 d5 11. cxd5 cxd5 12. e3 Nc6 13. h4 h6 14. Nh3 e5 15.
dxe5 Bxh3 16. Bxh3 g5 17. hxg5 hxg5 18. Be6+ Kh7 19. Qh5+ Bh6 20. Kg2 Kg7 21.
Rh1 Rf6 22. exf6+ Qxf6 23. Qg4 Rf8 24. Bxd5 Ne5 25. Bxe5 Qxe5 26. Qd7+ Kg6 27.
Rxh6+ Kxh6 28. Rh1+ 1-0

[Event "I Memorial Doriano Spinelli"]
[Site "Torino ITA"]
[Date "2015.12.06"]
[Round "4"]
[White "Malano, Francesco"]
[Black "Romagnolo, Paolo"]
[WhiteElo "1880"]
[BlackElo "2126"]
[Result "1-0"]
[PlyCount "137"]
[EventDate "2015.12.04"]

1. d4 Nf6 2. c4 c5 3. d5 e5 4. Nc3 d6 5. e4 Be7 6. a3 O-O 7. f4 exf4 8. Bxf4
Ng4 9. Nf3 Bf6 10. Qd2 Re8 11. Be2 a6 12. h3 Ne5 13. O-O Nbd7 14. Rab1 Nxf3+
15. Bxf3 Ne5 16. Be2 Bd7 17. Kh1 Qe7 18. b4 b6 19. bxc5 bxc5 20. Rb7 Reb8 21.
Rfb1 Qd8 22. Nd1 Rxb7 23. Rxb7 Qc8 24. Rb1 Qc7 25. Qc2 Rb8 26. Rxb8+ Qxb8 27.
Qb2 Qxb2 28. Nxb2 Kf8 29. Kg1 Ke7 30. Bc1 Ke8 31. Kf1 Bd8 32. Bd2 f6 33. Bd1
Bc7 34. Ke2 Kf8 35. Bc3 Be8 36. Bc2 Ke7 37. Bb3 Bd7 38. Ke3 g5 39. Nd3 h6 40.
Nxe5 fxe5 41. Bd1 Be8 42. Bg4 Bd7 43. Kf3 Ba4 44. Ke3 Bd7 45. Bxd7 Kxd7 46. Kf3
Ke7 47. Kg4 Kf6 48. Kh5 Kg7 49. Bd2 Bd8 50. h4 gxh4 51. Bxh6+ Kh7 52. Bf8 h3
53. gxh3 Bc7 54. Kg5 Kg8 55. Be7 Kf7 56. Bf6 Ba5 57. Kf5 Bd2 58. h4 Bh6 59. Bd8
Bg7 60. Kg5 Bf8 61. Bf6 a5 62. a4 Bh6+ 63. Kxh6 Kxf6 64. Kh5 Kf7 65. Kg5 Kg7
66. h5 Kh7 67. h6 Kg8 68. Kf6 Kh7 69. Ke6 1-0

[Event "I Memorial Doriano Spinelli"]
[Site "Torino ITA"]
[Date "2015.12.06"]
[Round "4"]
[White "Martin, Tiziano"]
[Black "Cacinschi, Alexandru"]
[WhiteElo "1926"]
[BlackElo "2090"]
[Result "0-1"]
[PlyCount "148"]
[EventDate "2015.12.04"]

1. d4 c6 2. Nf3 g6 3. Bf4 Bg7 4. e3 Qb6 5. Qc1 d6 6. Nbd2 Nf6 7. h3 O-O 8. Bd3
Re8 9. O-O Nbd7 10. Bh2 Qd8 11. Rd1 e5 12. dxe5 dxe5 13. Bc4 Qe7 14. c3 a5 15.
a4 Nd5 16. Ne4 N7b6 17. Bb3 h6 18. c4 Nb4 19. Nd6 Rf8 20. Nxc8 Raxc8 21. e4 c5
22. Qc3 Nc6 23. Rd2 Rcd8 24. Rad1 Rxd2 25. Nxd2 Rd8 26. Nf1 Nd4 27. Re1 Ra8 28.
Ne3 Qd6 29. Nd5 Nxd5 30. exd5 b6 31. Bd1 Re8 32. Qd2 Qd7 33. Kh1 e4 34. f3 exf3
35. Rxe8+ Qxe8 36. Bxf3 Qxa4 37. d6 Qxc4 38. d7 Qf1+ 39. Bg1 Bf6 40. Qd1 Qxd1
41. Bxd1 Kf8 42. Bh2 Ke7 43. Bc7 Kxd7 44. Bxb6 Nc6 45. Bb3 Bxb2 46. Bxc5 f6 47.
Bf8 h5 48. Ba4 Kc7 49. Bg7 Nb8 50. g4 hxg4 51. hxg4 g5 52. Bf8 Nd7 53. Be7 Nb6
54. Bb3 a4 55. Ba2 a3 56. Kg2 Kd7 57. Bb4 Kc6 58. Kf3 Kb5 59. Be7 Na4 60. Bf7
Kb6 61. Ke4 Nc3+ 62. Kf5 Kc6 63. Bxa3 Bxa3 64. Kxf6 Bc1 65. Bb3 Kc5 66. Bg8 Kd4
67. Kf5 Bf4 68. Be6 Nd5 69. Bd7 Ke3 70. Be6 Nc3 71. Bd7 Kf2 72. Kg6 Kg3 73. Kh5
Nd5 74. Bc8 Nf6+ 0-1

[Event "I Memorial Doriano Spinelli"]
[Site "Torino ITA"]
[Date "2015.12.06"]
[Round "4"]
[White "Wisbey, Danilo"]
[Black "Peruffo, Giovanni"]
[WhiteElo "1587"]
[BlackElo "1453"]
[Result "1-0"]
[PlyCount "175"]
[EventDate "2015.12.04"]

1. d4 d6 2. Bf4 e6 3. Nf3 Nf6 4. e3 d5 5. c3 b6 6. Bd3 Bb7 7. Nbd2 Be7 8. Ne5
O-O 9. Qf3 Nbd7 10. Qh3 g6 11. Ndf3 Nh5 12. Bh6 Nxe5 13. Nxe5 Re8 14. Qf3 f6
15. Nxg6 hxg6 16. Bxg6 Ng7 17. Bxe8 Qxe8 18. Qg3 Bf8 19. h4 Rc8 20. h5 Qf7 21.
Bxg7 Qxg7 22. Qg6 Bc6 23. Qxg7+ Kxg7 24. Ke2 Kh6 25. Rh3 f5 26. Rah1 Bd6 27. f4
Rg8 28. Kf2 a5 29. Rf3 Be8 30. Rh2 Rg4 31. Rg3 Be7 32. Rxg4 fxg4 33. Rh1 Bxh5
34. g3 c6 35. Rc1 b5 36. b3 Ba3 37. Rd1 Bb2 38. c4 Bc3 39. Rc1 Bb2 40. Rc2 Ba3
41. cxd5 cxd5 42. Rc6 Bf7 43. Rb6 a4 44. Rxb5 axb3 45. axb3 Kg6 46. b4 Kf6 47.
Rb7 Be8 48. b5 Bd6 49. b6 Bc6 50. Rh7 Kg6 51. Rh8 Kg7 52. Rd8 Be7 53. Rc8 Bb5
54. b7 Bd6 55. b8=Q Bxb8 56. Rxb8 Bd3 57. Rb7+ Kf6 58. Rb8 Kg6 59. Ke1 Kf5 60.
Rb6 Kf6 61. Kd2 Bc4 62. Rb8 Kf5 63. Rg8 Bb3 64. Ke2 Bc4+ 65. Kd2 Bb3 66. Rg5+
Ke4 67. Rxg4 Kf5 68. Rg5+ Kf6 69. Re5 Ba2 70. g4 Bb1 71. f5 exf5 72. gxf5 Bxf5
73. Rxd5 Bc8 74. e4 Bb7 75. Re5 Bc8 76. Ke3 Bd7 77. Kf4 Bc8 78. Rb5 Bd7 79.
Rb6+ Ke7 80. Rb7 Kd6 81. Rxd7+ Kxd7 82. e5 Ke6 83. Ke4 Ke7 84. d5 Kd7 85. Kf5
Ke7 86. e6 Ke8 87. Kf6 Kd8 88. Kf7 1-0